Stone Temple Pilots Albums - Statistics

General Stats
  • This quiz has been taken 41 times
  • The average score is 5 of 10
Answer Stats
Year Album % Correct
1992 Core
100%
1994 Purple
97%
1999 No. 4
74%
1996 Tiny music... songs from the Vatican gift shop
74%
2010 Stone temple pilots
63%
2003 Thank you
54%
2001 Shangri-La Dee Da
46%
2013 High rise
20%
2008 Buy this
9%
2015 Clean & dirty
3%
No matching quizzes found
Score Distribution
Percent of People with Each Score
Percentile by Number Answered
Your Score History
You have not taken this quiz